|
|
|
|
| LEADER |
00000nam0a2200000 4500 |
| 001 |
169104 |
| 005 |
20231031163314.0 |
| 035 |
|
|
|a (RuTPU)RU\TPU\book\183441
|
| 090 |
|
|
|a 169104
|
| 100 |
|
|
|a 20091106d1990 k y0rusy50 ca
|
| 101 |
0 |
|
|a rus
|
| 102 |
|
|
|a AZ
|
| 105 |
|
|
|a a z 001zy
|
| 200 |
1 |
|
|a Некоторые вопросы теоретической физики
|e сборник трудов
|f Академия наук Азербайджанской ССР (АН АзССР), Институт физики (ИФ)
|
| 210 |
|
|
|a Баку
|c Элм
|d 1990
|
| 215 |
|
|
|a 194 с.
|c ил.
|
| 320 |
|
|
|a Библиография в конце статей
|
| 610 |
1 |
|
|a теоретическая физика
|
| 610 |
1 |
|
|a твердые тела
|
| 610 |
1 |
|
|a магнетизм
|
| 610 |
1 |
|
|a магнетики
|
| 610 |
1 |
|
|a энергетический спектр
|
| 610 |
1 |
|
|a электроны
|
| 610 |
1 |
|
|a фотоны
|
| 610 |
1 |
|
|a распределение
|
| 675 |
|
|
|a 530.1
|v 3
|
| 712 |
0 |
2 |
|a Академия наук Азербайджанской ССР (АН АзССР)
|b Институт физики (ИФ)
|c (Баку)
|2 stltpush
|3 (RuTPU)RU\TPU\col\11561
|
| 801 |
|
1 |
|a RU
|b 63413507
|c 20091106
|
| 801 |
|
2 |
|a RU
|b 63413507
|c 20140402
|g RCR
|
| 942 |
|
|
|c BK
|